| 000 | 01213cam a22003014a 4500 | ||
|---|---|---|---|
| 999 |
_c114839 _d114839 |
||
| 003 | BJBSDDR | ||
| 005 | 20230411090708.0 | ||
| 007 | ta | ||
| 008 | 100310s2010 dcua b 001 0 eng | ||
| 020 | _a9780881324990 | ||
| 020 | _a088132499X | ||
| 040 |
_aDLC _cDLC _bspa |
||
| 041 | _aeng | ||
| 050 | 1 | 4 |
_aHG 3881 _bC641f 2010 |
| 082 | 0 | 0 | _a332/.042 |
| 100 | 1 |
_aCline, William R. _d1941- _q(William Richard), |
|
| 245 | 1 | 0 |
_aFinancial globalization, economic growth, and the crisis of 2007-09 / _cWilliam R. Cline. |
| 260 |
_aWashington, D.C. : _bPeterson Institute for International Economics, _cc2010. |
||
| 300 |
_axiii, 361 p. : _bill. ; _c23 cm. |
||
| 504 | _aIncludes bibliographical references and index. | ||
| 505 | _aA critical survey of literature -- The impact of financial globalization on growth : country-specific estimates -- The financial crisis of 2007-09 and financial globalization. | ||
| 650 | 4 |
_aFinanzas internacionales _92118 |
|
| 650 | 4 |
_aDesarrollo económico _95978 |
|
| 650 | 4 |
_aCrisis financiera _91793 |
|
| 906 |
_a7 _bcbc _corignew _d1 _eecip _f20 _gy-gencatlg |
||
| 942 |
_2lcc _cBK |
||